| Поле | Название | Значение |
| |
Тип записи |
a |
| |
Библиографический уровень |
m |
| 001 |
Контрольный номер |
RU\infra-m\znanium\bibl\2236028 |
| 005 |
Дата корректировки |
20260429142132.6 |
| 008 |
Кодируемые данные |
260120s2025 RU g rus u |
| 020 |
Индекс ISBN |
__ |
| a |
ISBN |
978-5-907534-41-4 |
| 040 |
Источник каталогиз. |
__ |
| a |
Служба первич. каталог. |
Общество с ограниченной ответственностью «ЗНАНИУМ» |
| 041 |
Код языка издания |
__ |
| a |
Код языка текста |
rus |
| 044 |
Код страны публикации |
__ |
| a |
Код страны публикации |
RU |
| 080 |
Индекс УДК |
__ |
| a |
Индекс УДК |
347 |
| 084 |
Индекс другой классификации/Индекс ББК |
__ |
| 2 |
Источник индекса |
rubbk |
| a |
Индекс другой классификации/Индекс ББК |
633 |
| 084 |
Индекс другой классификации/Индекс ББК |
__ |
| 2 |
Источник индекса |
rubbk |
| a |
Индекс другой классификации/Индекс ББК |
6771 |
| 084 |
Индекс другой классификации/Индекс ББК |
__ |
| 2 |
Источник индекса |
okso |
| a |
Индекс другой классификации/Индекс ББК |
40.03.01 |
| 084 |
Индекс другой классификации/Индекс ББК |
__ |
| 2 |
Источник индекса |
okso |
| a |
Индекс другой классификации/Индекс ББК |
46.03.01 |
| 100 |
Автор |
__ |
| a |
Автор |
Дораев М. |
| q |
Полное имя |
Дораев Мерген |
| 245 |
Заглавие |
__ |
| a |
Заглавие |
Путь литигатора : Чему самурайский кодекс может научить судебного юриста |
| b |
Продолж. заглавия |
Практическое пособие |
| 250 |
Сведения об издании |
__ |
| a |
Основные сведения об издании |
1 |
| 260 |
Выходные данные |
__ |
| a |
Место издания |
Москва |
| b |
Издательство |
Альпина ПРО |
| c |
Дата издания |
2026 |
| 300 |
Физическое описание |
__ |
| a |
Объем |
120 с. |
| 520 |
Аннотация |
__ |
| a |
Аннотация |
Казалось бы что общего может быть между средневековым самураем и современным литигатором? Ответ есть: одинаковый подход к окружающему миру и людям в нем к делу которому ты служишь а главное — внимательное даже пристальное отношение к себе к своей совести. Автор этой книги партнер юридической фирмы и практикующий адвокат выражает оригинальный взгляд на постулаты профессии юриста — с позиций кодекса Бусидо предлагает читателям оценить принципы которыми могут и должны руководствоваться в своей работе специалисты по разрешению споров. Он напоминает представителям этой профессии о главных человеческих добродетелях которые помогут с достоинством пройти предначертанный Путь. Книга адресована адвокатам руководителям и сотрудникам юридических фирм а также всем кто интересуется вопросами права историей и культурой Японии. |
| 521 |
Примеч. о цел. назн. |
__ |
| a |
Примеч. о целев. назн. |
ВО - Кадры высшей квалификации |
| 650 |
Тематические рубрики |
__ |
| a |
Основная рубрика |
Право. Юридические науки |
| x |
Основная подрубрика |
Юридическая психология и этика |
| 655 |
Указ. предметных рубрик (устаревшее) |
__ |
| a |
Жанр/ форма (устаревшее) |
Практическое пособие |
| 856 |
Электронный адрес документа |
4_ |
| a |
Имя сервера/домена |
znanium.ru |
| m |
Помощь |
ebs_support@infra-m.ru |
| n |
Местонахождение сервера |
НИЦ ИНФРА-М |
| u |
URL |
https://znanium.ru/catalog/document?id=474042 |
| 856 |
Электронный адрес документа |
48 |
| a |
Имя сервера/домена |
znanium.ru |
| d |
Путь |
/cover/2236 |
| f |
Электронное имя |
2236028.jpg |
| q |
Тип электронного формата |
image/jpeg |
| u |
URL |
https://znanium.ru/cover/2236/2236028.jpg |
| 911 |
|
__ |
| u |
|
0030=https://znanium.ru/catalog/document?id=474042 |